Представление документа в формате MARC21

Поле Инд. ПП Название Значение
Тип записи a
Библиографический уровень b
001 Контрольный номер DU/528394881
005 Дата корректировки 20260413112403.8
008 Кодируемые данные 20160928
040 b Код языка каталог. rus
e Правила каталог. PSBO
041 0_ a Код языка текста rus
084 a Индекс другой классификации/Индекс ББК 65.291.34; 65.291.573
100 1_ a Автор Панова Е. А.
245 10 a Заглавие Теоретико-методологическое обоснование формирования рынка нематериальных активов
520 0_ a Аннотация Рассмотрена структура нематериальных активов, важнейшими с позиций маркетинга составляющими которых являются бренд, репутация и имидж. Уделяется внимание эволюции понятий «нематериальные активы и их составляющие». Рассмотрены основные виды рисков, присущие рынку нематериальных активов. Охарактеризованы различные подходы к определению стоимости бренда и репутации
650 14 a Основная рубрика маркетинг
a Основная рубрика экономика
a Основная рубрика экономика предприятия
653 1_ a Ключевые слова бренды
a Ключевые слова брендинг
a Ключевые слова деловая репутация
a Ключевые слова имидж компании
a Ключевые слова конкуренция
a Ключевые слова маркетинговые коммуникации
a Ключевые слова нематериальные активы
a Ключевые слова производственные ресурсы
a Ключевые слова реклама
a Ключевые слова репутация компании
a Ключевые слова теория маркетинга
a Ключевые слова эффективность рекламы
773 08 t Заглавие источника Маркетинг в России и за рубежом
d Дата издания источника 2015
g Прочая информация № 5. - С. 3 - 11
w Контрольный № источника RU/IS/BASE/499273216
901 t Тип документа b